| 000 | 00691nam a22002057a 4500 | ||
|---|---|---|---|
| 999 |
_c21997 _d21997 |
||
| 003 | OSt | ||
| 005 | 20210914152432.0 | ||
| 008 | 170203b xxu||||| |||| 00| 0 eng d | ||
| 020 | _a1557868808 (hardcover : alk. paper) | ||
| 020 | _a1557868816 (pbk. : alk. paper) | ||
| 040 |
_aMMU _cMMU _dMMU _beng |
||
| 050 | 0 | 0 |
_aB791 _b.S246 2005 |
| 100 | 1 | _aSchroeder, William Ralph. | |
| 245 | 1 | 0 |
_aContinental philosophy : _ba critical approach / _cWilliam R. Schroeder. |
| 260 |
_aMalden, MA : _bBlackwell Pub., _c2005. |
||
| 300 |
_axviii, 456 p. : _c26 cm. |
||
| 500 | _aIncludes bibliographical references (p. [403]-428) and index. | ||
| 650 | 0 | _aContinental philosophy. | |
| 942 |
_2lcc _cLOAN LOAN |
||